| 000 | 01533nkc a22002657a 4500 | ||
|---|---|---|---|
| 001 | 85866 | ||
| 005 | 20260430122315.0 | ||
| 007 | kh bo | ||
| 008 | 260430s1915 sp ||||| |||| |0| i|spa d | ||
| 040 |
_aM-RABA _bspa _cM-RABA |
||
| 100 | 1 |
_aRoig Villalonga, Juana ( _d1877-1941) _942535 |
|
| 245 | 1 | 1 |
_a[Iglesia de San Pedro de la Rúa _b: cofres y báculo] _c/ J. Roig _h[Material Gráfico] |
| 260 |
_a: Madrid _b: J. Roig _c[ca. 1915] |
||
| 300 |
_a2 fotografías _b: aristotipo _c, imagen 15 x 22 cm |
||
| 500 | 0 | 0 | _aConjunto de dos fotografías que muestran diferentes cofres árabes y un báculo conservados en la Iglesia de San Pedro de la Rúa en Estella, Navarra. |
| 500 | 0 | 0 | _aSello a tinta al verso de la fotógrafa J. Roig, que se encargó del estudio de J. Laurent entre 1915 y 1930. Fecha de las fotografías tomada de los años en activo de la fotógrafa. |
| 500 | 0 | 0 | _aOriginales de J. Laurent conservados en el IPCE: Fot-840: nº inventario VN-01239. Fot-841: nº inventario VN-01240. |
| 651 | 7 |
_aEstella (Navarra, España) _911143 |
|
| 655 | 7 |
_aFotografías de obras de arte _975675 |
|
| 700 | 1 |
_aLaurent, J. ( _d1816-1886) _955737 |
|
| 852 | _jFot-840; Fot-841 | ||
| 856 |
_uhttps://archivoybiblioteca.realacademiabellasartessanfernando.com/cgi-bin/koha/opac-retrieve-file.pl?id=d6df7ac330442336879d5330c7cfdd23 _yFot-840 |
||
| 856 |
_uhttps://archivoybiblioteca.realacademiabellasartessanfernando.com/cgi-bin/koha/opac-retrieve-file.pl?id=76bc2fe066cd68246a847ce7e7b4dd58 _yFot-841 |
||
| 942 |
_cFOTOGRAFÍA _n0 |
||
| 999 |
_c85866 _d85866 |
||